00309nam a22000977a 4500008004100000020001500041082001600056245008400072260003700156300001800193230621b xxu||||| |||| 00| 0 eng d a0660599694 a328.67bHOC aStanding Orders of the House of CommonsbReglement cDe la Chambre Des Communes bCanada Communication groupc1995 a86p, 18p, 19p